000 00554nam a22002177a 4500
003 OSt
005 20160627181632.0
008 160627b xxu||||| |||| 00| 0 eng d
020 _a0340872675
040 _cDNLM
082 _aWA100 R37c 2003
100 _aRichards, Judy
_99672
245 _aHealth & Social Care Handbook
250 _a2nd ed.
260 _aLondon; Hodder & Stoughtton, 2003
300 _aviii,323p; ill: 23.5cm
504 _aReferences included
650 _aHealth Care
_912
650 _aSocial care
_913
942 _2z
_cO_SHELF
999 _c4506
_d4506